000 00527nam a2200217Ia 4500
003 OSt
005 20220924133813.0
006 a|||||r|||| 00| 0
007 ta
008 220923b |||||||| |||| 00| 0 snd d
024 _a269026
037 _cTextual
040 _aARTS
_cARTS
_bsnd
041 _2snd
_asnd
082 _aO1593,1x, M0
100 _aBhoojwani
_9207405
245 0 _aBifliyun thiyun barsan
260 _c1980
942 _hO1593,1x, M0
_cTEXL
_2CC
999 _c435300
_d435300